000 00291nam a22001337a 4500
008 171027b xxu||||| |||| 00| 0 eng d
020 _a0395267641
041 _aeng
080 _22ND
_a311
100 _a55
101 _aSTA
245 _aBUSINESS STATISTICS
_cDANIEL,W.W
942 _2udc
_cBK
999 _c36001
_d36001